Diario del fin del mundo / (Registro nro. 4387)

Detalles MARC
000 -LEADER
fixed length control field 00838nam a2200229Ia 4500
003 - CONTROL NUMBER IDENTIFIER
control field OSt
005 - DATE AND TIME OF LATEST TRANSACTION
control field 20250416092728.0
008 - FIXED-LENGTH DATA ELEMENTS--GENERAL INFORMATION
fixed length control field 191128s2018 ck er 000 f spa d
020 ## - INTERNATIONAL STANDARD BOOK NUMBER
International Standard Book Number 9789584268730
040 ## - CATALOGING SOURCE
Original cataloging agency CO-JMCR
Transcribing agency CO-JMCR
041 ## - LANGUAGE CODE
Language code of text/sound track or separate title spa
082 04 - DEWEY DECIMAL CLASSIFICATION NUMBER
Classification number A-N
Item number MENd
100 1# - MAIN ENTRY--PERSONAL NAME
Personal name Mendoza, Mario,
Relator term autor
9 (RLIN) 172
245 10 - TITLE STATEMENT
Title Diario del fin del mundo /
Statement of responsibility, etc. Mario Mendoza
250 ## - EDITION STATEMENT
Edition statement Segunda edición
260 ## - PUBLICATION, DISTRIBUTION, ETC.
Place of publication, distribution, etc. Bogotá :
Name of publisher, distributor, etc. Planeta,
Date of publication, distribution, etc. 2018
300 ## - PHYSICAL DESCRIPTION
Extent 251 páginas ;
Dimensions 22 cm.
490 0# - SERIES STATEMENT
Series statement Autores españoles e iberoamericanos
520 ## - SUMMARY, ETC.
Summary, etc. Dos amantes de Carmen Andreu nos habla de su adicción a las drogas, de su estadía en una secta religiosa, de su nomadismo como fotógrafa de paisajes desérticos, de sus secretos trabajos como modelo de películas porno.
650 14 - SUBJECT ADDED ENTRY--TOPICAL TERM
Topical term or geographic name entry element Novela colombiana
9 (RLIN) 7611
942 ## - ADDED ENTRY ELEMENTS (KOHA)
Source of classification or shelving scheme Dewey Decimal Classification
Koha item type Books
Existencias
Withdrawn status Lost status Source of classification or shelving scheme Damaged status Not for loan Collection code Home library Current library Shelving location Date acquired Source of acquisition Total Checkouts Total Renewals Full call number Barcode Date last seen Date last checked out Copy number Price effective from Koha item type
    Dewey Decimal Classification     Fiction Biblioteca Pública José María del Castillo y Rada Biblioteca Pública José María del Castillo y Rada Fiction 09/21/2020 Reposición 56 40 A-N MENd 201810227 12/03/2025 10/31/2025 Ej.1   Books